| 000 | 01454cam a2200301 i 4500 | ||
|---|---|---|---|
| 003 | SA-RiAUC | ||
| 005 | 20250722065633.0 | ||
| 008 | 250721s1998 su k g b 000r0dara c | ||
| 040 |
_aSA-JeALM _bara _cSA-RiAUC _erda |
||
| 043 | _aa-su--- | ||
| 082 | 0 | 4 | _a953.11 |
| 090 |
_a953.11 _bع ي س |
||
| 100 | 1 |
_aالعيسى، مي بنت عبد العزيز إبراهيم، _d1369 هجري- _eمؤلف. |
|
| 245 | 1 | 2 |
_aالحياة العلمية في نجد منذ قيام دعوة الشيخ محمد بن عبد الوهاب وحتى نهاية الدولة السعودية الأولى / _cمي بنت عبد العزيز العيسى. |
| 264 | 1 |
_aالرياض : _bدارة الملك عبد العزيز، _c1997 |
|
| 300 |
_a387 صفحة : _bأشكال ؛ _c24 سم. |
||
| 336 |
_aنص _btxt _2rdacontent _3كتاب |
||
| 337 |
_aبدون وسيط _bn _2rdamedia |
||
| 338 |
_aمجلد _bnc _2rdacarrier |
||
| 440 | 0 | _aإصدارات دارة الملك عبد العزيز | |
| 504 | _aببليوجرافية : صفحة 373-387. | ||
| 600 | 1 | 7 |
_aابن عبد الوهاب، محمد بن عبد الوهاب بن سليمان، _d1115-1206 هجري _2aucnm |
| 650 | 7 |
_aالوهابية _2aucsh |
|
| 651 | 7 |
_aالسعودية _xتاريخ _yالدولة السعودية الأولى، 1157-1233 هجري _2aucsh |
|
| 651 | 7 |
_aنجد (السعودية) _xتاريخ _2aucsh |
|
| 942 |
_2ddc _cBOOK _n0 |
||
| 949 |
_aSA-JeALM _d250721 _uosman123 _n1 |
||
| 999 |
_c10183 _d10183 |
||